Statistik utama : Negeri Sembilan

Bibliographic Details
Format: Book
Published: Negeri Sembilan : Jabatan Perangkaan Malaysia Negeri Sembilan , 2009-
Subjects:

MARC

LEADER 00000cam a2200000 7i4500
001 0000003920
005 20111124.0
022 0 0 |a 1985-9147 
090 0 0 |a 315.95117   |b SUNS 2009 
245 1 0 |a Statistik utama :   |b Negeri Sembilan 
260 0 0 |a Negeri Sembilan :   |b Jabatan Perangkaan Malaysia Negeri Sembilan ,   |c 2009- 
300 |a vii.83 p :   |b .ill (col) ;   |c 21 cm. 
500 0 0 |a Annual 
650 0 0 |a Negeri Sembilan   |x Statistics, Vital   |x Periodicals 
650 0 0 |a Negeri Sembilan   |x Statistics   |x Periodicals 
850 |a JPSM (2009) 
999 |a 007700   |b Monograph   |c Open Shelf   |e Default branch